[Event "Challenge"]
[Site "http://www.queenalice.com/game.php?id=183965"]
[Date "2007.3.18"]
[Round "-"]
[White "Jam13"]
[Black "odracir"]
[Result "1-0"]
[WhiteElo "1944"]
[BlackElo "1239"]

1. e4 e5 2. Nc3 Nf6 3. g3 Nc6 4. Bc4 Bc5 5. Nf3 O-O 6. d3 Ng4 7. Be3 b6 8. O-O
Bb4 9. Bd2 d6 10. Nd5 Be6 11. Ng5 Bxd5 12. exd5 Bxd2 13. Qxd2 Na5 14. Rae1 f6
15. Ne6 Qe8 16. Nxc7 Qc8 17. Nxa8 Nxc4 18. dxc4 Qxa8 19. Qb4 Rc8 20. Qxd6 Rxc4
21. Qe6+ Kf8 22. d6 Rxc2 23. Qe7+ Kg8 24. d7 Rc7 25. Qe8+ Qxe8 26. dxe8=Q# 1-0

[Event "Challenge"]
[Site "http://www.queenalice.com/game.php?id=184047"]
[Date "2007.3.18"]
[Round "-"]
[White "Jam13"]
[Black "SGF"]
[Result "1-0"]
[WhiteElo "1500"]
[BlackElo "1494"]

1. d4 d5 2. c4 dxc4 3. Nf3 e6 4. e3 Bb4+ 5. Nc3 b5 6. Bd2 a6 7. a3 Bxc3 8. Bxc3
a5 9. b4 cxb3 10. Qxb3 c6 11. Bd3 a4 12. Qc2 Nf6 13. O-O Ba6 14. Bb4 Nbd7 15.
Qxc6 Nd5 16. Ne5 Nxb4 17. axb4 f6 18. Nxd7 Qxd7 19. Qxa8+ Qc8 20. Qxc8+ Bxc8 21.
Bxb5+ Bd7 22. Bxd7+ Kxd7 23. Rxa4 Rc8 24. Ra7+ Kc6 25. Rc1+ Kb6 26. Rxc8 Kxa7
27. e4 Ka6 28. d5 exd5 29. exd5 Kb7 30. Rc6 h5 31. b5 g5 32. d6 g4 33. d7 h4 34.
d8=Q f5 35. Qc8+ Ka7 36. b6# 1-0

[Event "Challenge"]
[Site "http://www.queenalice.com/game.php?id=184055"]
[Date "2007.3.18"]
[Round "-"]
[White "Jam13"]
[Black "UnknownKnight"]
[Result "1-0"]
[WhiteElo "1954"]
[BlackElo "2003"]

1. d4 d5 2. Nc3 Nf6 3. Bg5 Nbd7 4. Nf3 e6 5. e4 dxe4 6. Nxe4 Be7 7. Nxf6+ Nxf6
8. Bd3 b6 9. O-O Bb7 10. Bb5+ c6 11. Bd3 O-O 12. c3 c5 13. Qd2 Bxf3 14. gxf3
cxd4 15. c4 Ne4 16. Bxe4 Bxg5 17. f4 Bh6 18. Bxa8 Qh4 19. Qxd4 Bxf4 20. Rfd1
Rxa8 21. h3 e5 22. Qd5 Rf8 23. Qg2 Bh6 24. Qg4 Qf6 25. Rd7 Qc6 26. Rad1 a5 27.
R1d6 f5 28. Qh4 Qf3 29. Rxh6 1-0

[Event "Challenge"]
[Site "http://www.queenalice.com/game.php?id=184059"]
[Date "2007.3.18"]
[Round "-"]
[White "Jam13"]
[Black "Tenna"]
[Result "1-0"]
[WhiteElo "1697"]
[BlackElo "1768"]

1. d4 Nf6 2. c4 e6 3. Bg5 h6 4. Bh4 b6 5. Nc3 Bb4 6. Qc2 Bb7 7. O-O-O d5 8. e3
dxc4 9. Bxc4 Bxg2 10. Nge2 Bxh1 11. Rxh1 O-O 12. d5 Bxc3 13. dxe6 Bb4 14. exf7+
Kh8 15. Rd1 Qe7 16. Nf4 Qe4 17. Ng6+ Kh7 18. Nxf8+ Bxf8 19. Bd3 Qxd3 20. Qxd3+
Kh8 21. Bxf6 gxf6 22. Rg1 Bg7 23. Qd8+ 1-0

[Event "Let's Play Chess!"]
[Site "http://www.queenalice.com/game.php?id=184134"]
[Date "2007.3.18"]
[Round "-"]
[White "Jam13"]
[Black "technicaldraw"]
[Result "1/2-1/2"]
[WhiteElo "1854"]
[BlackElo "1966"]

1. e4 c6 2. c4 d5 3. exd5 cxd5 4. cxd5 Qxd5 5. Nc3 Qd8 6. Nf3 Nf6 7. Qb3 e6 8.
Bb5+ Bd7 9. Ne5 Qc7 10. d4 Nc6 11. Be3 Bb4 12. Bf4 Bxc3+ 13. bxc3 Nxe5 14. Bxe5
Qa5 15. Bxd7+ Nxd7 16. Bxg7 Rg8 17. Bh6 Rxg2 18. Qxb7 Qxc3+ 19. Ke2 Rb8 20. Qxg2
Rb2+ 21. Kf1 Qd3+ 22. Kg1 Rb1+ 23. Rxb1 Qxb1+ 24. Qf1 Qg6+ 25. Bg5 Qxg5+ 26. Qg2
Qc1+ 27. Qf1 1/2-1/2

[Event "Let's Play Chess!"]
[Site "http://www.queenalice.com/game.php?id=184135"]
[Date "2007.3.18"]
[Round "-"]
[White "technicaldraw"]
[Black "Jam13"]
[Result "1-0"]
[WhiteElo "1962"]
[BlackElo "1944"]

1. e4 e5 2. Nf3 Nf6 3. d3 Nc6 4. Nc3 Bc5 5. Be3 Bxe3 6. fxe3 d6 7. Be2 O-O 8.
O-O Ng4 9. Qd2 f5 10. h3 Nh6 11. exf5 Rxf5 12. e4 Rf4 13. Nd5 Be6 14. Nxf4 Qe7
15. Nxe6 Qxe6 16. Ng5 Qe7 17. Bg4 Nxg4 18. hxg4 Nd8 19. Rf3 h6 20. Nh3 Ne6 21.
Raf1 c6 22. Rf7 Qxf7 23. Rxf7 Kxf7 24. g5 hxg5 25. Nxg5+ Nxg5 26. Qxg5 Re8 27.
Qf5+ Ke7 28. g4 Rf8 29. Qg5+ Kf7 30. Qe3 c5 31. c3 Kg6 32. d4 Rf4 33. dxe5 Rxg4+
34. Kf2 dxe5 35. Qxc5 Rxe4 36. Qxa7 Rf4+ 37. Ke3 Rf7 38. Qb6+ Kf5 39. a4 g6 40.
Qb4 Kg5 41. a5 Kf5 42. a6 bxa6 43. Qe4+ Kg5 44. c4 Kf6 45. c5 Rd7 46. c6 Rh7 47.
Qf3+ Ke6 48. Qg4+ Kf6 49. Ke4 a5 50. Kd5 a4 51. Qe6+ 1-0

[Event "Challenge"]
[Site "http://www.queenalice.com/game.php?id=184137"]
[Date "2007.3.18"]
[Round "-"]
[White "Jam13"]
[Black "REUSKING"]
[Result "1-0"]
[WhiteElo "1904"]
[BlackElo "1903"]

1. d4 d5 2. e4 dxe4 3. Nc3 Nf6 4. Be3 Bf5 5. Bc4 e6 6. f3 Bb4 7. Ne2 exf3 8.
gxf3 Nd5 9. Bxd5 exd5 10. Qd2 c6 11. a3 Bd6 12. O-O-O Nd7 13. Rhg1 g6 14. Bg5 f6
15. Bf4 Nb6 16. Rde1 Kf7 17. Bh6 Nc4 18. Qd1 Qc7 19. Ng3 Bf4+ 20. Bxf4 Qxf4+ 21.
Kb1 Ne3 22. Qd2 Rhe8 23. Nxf5 gxf5 24. Nd1 Qxf3 25. Nxe3 f4 26. Nf5 Rxe1+ 27.
Qxe1 1-0

[Event "AUTO-OPEN-593"]
[Site "http://www.queenalice.com/game.php?id=184192"]
[Date "2007.3.18"]
[Round "1"]
[White "RichardN"]
[Black "Jam13"]
[Result "1-0"]
[WhiteElo "1390"]
[BlackElo "1881"]

1. e4 b6 2. Nc3 e5 3. Bb5 Ba6 4. Bxa6 Nf6 5. d3 Bb4 6. a3 Bxc3+ 7. bxc3 Nxa6 8.
Bg5 h6 9. Bxf6 Qxf6 10. Nf3 d6 11. O-O O-O 12. a4 Rab8 13. a5 b5 14. c4 1-0

[Event "AUTO-OPEN-593"]
[Site "http://www.queenalice.com/game.php?id=184193"]
[Date "2007.3.18"]
[Round "1"]
[White "Jam13"]
[Black "RichardN"]
[Result "0-1"]
[WhiteElo "1881"]
[BlackElo "1420"]

1. d4 d5 2. e4 Nf6 3. Nc3 dxe4 4. f3 exf3 5. Nxf3 Bg4 6. Be2 Nc6 7. O-O e6 8.
Ne5 Bxe2 9. Qxe2 Nxd4 10. Qf2 Bb4 11. Bg5 h6 12. Bxf6 gxf6 13. Qxf6 Qxf6 14.
Rxf6 Nxc2 0-1

[Event "AUTO-OPEN-593"]
[Site "http://www.queenalice.com/game.php?id=184216"]
[Date "2007.3.18"]
[Round "1"]
[White "Francisco_Ferraz"]
[Black "Jam13"]
[Result "0-1"]
[WhiteElo "1493"]
[BlackElo "1904"]

1. d4 d5 2. c4 e6 3. Nc3 Nf6 4. g3 Bb4 5. Bd2 Na6 6. a3 Bxc3 7. Bxc3 O-O 8. Bg2
Bd7 9. Nf3 Re8 10. O-O dxc4 11. Ne5 Nd5 12. e4 Nxc3 13. bxc3 f6 14. Nxd7 Qxd7
15. e5 c6 16. h4 f5 17. Rb1 b5 18. f4 Nc7 19. a4 Nd5 20. Bxd5 exd5 21. axb5 cxb5
22. Rb2 Re6 23. Rxb5 Qxb5 24. Qc2 Rg6 25. Kg2 Qb3 26. Qd2 Ra6 27. Kh3 Ra2 28.
Qe3 Qc2 29. Qg1 Rb8 30. h5 Rbb2 31. Kh4 h6 32. Rf2 Qxf2 33. Qxf2 Rxf2 0-1

[Event "AUTO-OPEN-593"]
[Site "http://www.queenalice.com/game.php?id=184217"]
[Date "2007.3.18"]
[Round "1"]
[White "Jam13"]
[Black "Francisco_Ferraz"]
[Result "1-0"]
[WhiteElo "1944"]
[BlackElo "1516"]

1. d4 d5 2. Nf3 Nc6 3. Bf4 g6 4. e3 Bg7 5. Nc3 Bg4 6. Be2 Nh6 7. h3 Bxf3 8. Bxf3
e6 9. Qe2 O-O 10. Nb5 e5 11. Bxe5 Nxe5 12. dxe5 Bxe5 13. Bxd5 c6 14. O-O-O Qb6
15. Bf3 Qxb5 16. Qxb5 cxb5 17. Rd5 Bg7 18. Rxb5 Rab8 19. Bxb7 Nf5 20. Rd1 Rfe8
21. g4 Nh4 22. Rd7 f5 23. gxf5 Nxf5 24. Bd5+ Kh8 25. Rxb8 Rxb8 26. c3 h5 27.
Rxa7 Kh7 28. a4 Kh6 29. a5 Rb5 30. e4 Nd6 31. f4 Nc8 32. Ra6 Ne7 33. Ba8 h4 34.
Kc2 Ng8 35. b4 Nf6 36. Bc6 Rb8 37. Rb6 Rd8 38. a6 Nd7 39. Bxd7 Rxd7 40. Rb7 Rd6
41. a7 Ra6 42. b5 Ra3 43. Rc7 Ra5 44. b6 Bf8 45. Rc8 Bd6 46. a8=Q Rxa8 47. Rxa8
Bxf4 48. c4 g5 49. c5 Be5 50. c6 g4 51. hxg4 h3 52. c7 h2 53. c8=Q h1=Q 54. Qe6+
Kg5 55. Qxe5+ Kxg4 56. Qf5+ Kg3 57. Rg8+ 1-0

[Event "AUTO-OPEN-593"]
[Site "http://www.queenalice.com/game.php?id=184232"]
[Date "2007.3.18"]
[Round "1"]
[White "Jam13"]
[Black "astrologo"]
[Result "0-1"]
[WhiteElo "1935"]
[BlackElo "1956"]

1. d4 d5 2. Nc3 Bf5 3. Nf3 e6 4. Bf4 Nf6 5. e3 Bb4 6. Ne5 Nbd7 7. Bb5 O-O 8. O-O
a6 9. Bxd7 Nxd7 10. Rc1 f6 11. Nxd7 Qxd7 12. Qh5 Rac8 13. Qe2 c5 14. Nd1 c4 15.
Nc3 Bxc3 16. bxc3 Qa4 17. Ra1 Bxc2 18. Rfc1 Bg6 19. Qg4 Qc6 20. h4 b5 0-1

[Event "AUTO-OPEN-593"]
[Site "http://www.queenalice.com/game.php?id=184233"]
[Date "2007.3.18"]
[Round "1"]
[White "astrologo"]
[Black "Jam13"]
[Result "1-0"]
[WhiteElo "1971"]
[BlackElo "1918"]

1. Nf3 d5 2. g3 Bg4 3. Bg2 e6 4. O-O Bd6 5. d3 Nc6 6. h3 Bxf3 7. Bxf3 Nf6 8. Bg5
O-O 9. Nc3 Nd4 10. Bg2 h6 11. Bd2 Qd7 12. e3 Nc6 13. a3 Rad8 14. b4 Rfe8 15. Nb5
a6 16. Nxd6 Qxd6 17. Qe2 e5 18. Rad1 e4 19. c4 b6 20. cxd5 1-0

[Event "Challenge"]
[Site "http://www.queenalice.com/game.php?id=190674"]
[Date "2007.4.1"]
[Round "-"]
[White "El_Montes"]
[Black "Jam13"]
[Result "1-0"]
[WhiteElo "1436"]
[BlackElo "1935"]

1. e4 e5 2. d3 Nf6 3. Nf3 Nc6 4. Bd2 d6 5. Nc3 Bg4 6. Be2 Be7 7. Ng5 h6 8. Nxf7
Kxf7 9. Bxg4 Nd4 10. O-O Nxg4 11. Qxg4 Nxc2 12. Rac1 Nb4 13. Nd5 Nxd5 14. exd5
Rf8 15. Qe6+ Ke8 16. Qg6+ Rf7 17. b4 Qd7 18. Rb1 b5 19. Bc3 1-0

[Event "Challenge"]
[Site "http://www.queenalice.com/game.php?id=192507"]
[Date "2007.4.5"]
[Round "-"]
[White "Juventus"]
[Black "Jam13"]
[Result "1-0"]
[WhiteElo "1567"]
[BlackElo "1717"]

1. g3 e5 2. Nf3 e4 3. Nd4 Nf6 4. Bg2 d5 5. O-O Bd7 6. b3 Nc6 7. Bb2 Bc5 8. e3
Qe7 9. Na3 a6 10. Nf5 Bxf5 11. d4 exd3 12. cxd3 Bxa3 13. Bxa3 Qxa3 14. h3 O-O
15. g4 Be6 16. g5 1-0

[Event "Let's Play Chess!"]
[Site "http://www.queenalice.com/game.php?id=192509"]
[Date "2007.4.5"]
[Round "-"]
[White "Jam13"]
[Black "MrRonMosley"]
[Result "0-1"]
[WhiteElo "1792"]
[BlackElo "1511"]

1. e4 Nc6 2. d4 Nf6 3. e5 Nd5 4. Nf3 e6 5. Bc4 f5 6. Bd2 h6 7. Nc3 g5 8. h3 b6
9. Qe2 Nf4 10. Bxf4 gxf4 11. g3 fxg3 12. fxg3 Rg8 13. Rg1 Qe7 14. a3 f4 15. g4
Bb7 16. Ba6 Na5 17. b4 Bxf3 18. Qxf3 Qh4+ 19. Kd2 Nc6 20. Bb7 Nxd4 21. Qe4 Qf2+
22. Ne2 Nxe2 23. Bxa8 Ng3+ 0-1

[Event "AUTO-ADV-458"]
[Site "http://www.queenalice.com/game.php?id=193216"]
[Date "2007.4.7"]
[Round "1"]
[White "Jam13"]
[Black "J_Ricardo"]
[Result "0-1"]
[WhiteElo "1851"]
[BlackElo "1454"]

1. d4 e6 2. e4 b6 3. e5 Bb7 4. Nf3 Bxf3 5. Qxf3 Qe7 6. Qxa8 Qd8 7. Qxa7 Nc6 8.
Qa6 Nxd4 9. Qd3 c5 10. Nc3 Ne7 0-1

[Event "AUTO-ADV-458"]
[Site "http://www.queenalice.com/game.php?id=193217"]
[Date "2007.4.7"]
[Round "1"]
[White "J_Ricardo"]
[Black "Jam13"]
[Result "1-0"]
[WhiteElo "1484"]
[BlackElo "1821"]

1. e4 e5 2. Nf3 Nc6 3. Bb5 Nf6 4. d3 a6 5. Bxc6 dxc6 6. Nxe5 Bd6 7. Nf3 O-O 8.
O-O Nd7 9. Ng5 Qe8 10. Qh5 h6 11. Nf3 f6 12. Qxe8 Rxe8 13. Nc3 1-0